El ajo: cultivo y aprovechamiento

Guardat en:
Dades bibliogràfiques
Autor principal: García Alonso, Carlos Ramón (Autor)
Format: Llibre
Idioma:espanyol
Publicat: Madrid Mundi-Prensa 1990
Col·lecció:Agroguias Mundi-Prensa
Matèries:
Etiquetes: Afegir etiqueta
Sense etiquetes, Sigues el primer a etiquetar aquest registre!

MARC

LEADER 00000nam a2200000 a 4500
001 UCY0371
003 CL-VaPUC
008 940728e19900000SP |||||||||||||||||spa|d
082 0 4 |a 635.26  |b GAR  |2 21 
100 0 |a García Alonso, Carlos Ramón  |e author  |9 328046 
245 1 3 |a El ajo: cultivo y aprovechamiento 
300 |a 168 p 
942 |c BK 
945 |d 19940728 00:00:00  |a mfernand 
260 |a Madrid  |b Mundi-Prensa  |c 1990 
650 0 |a Ajo (Allium sativum)   |9 264164 
583 |a last modification  |c 19940728 00:00:00  |k Rodrigo Vera 
490 0 |a Agroguias Mundi-Prensa 
999 |c 229381  |d 229379 
952 |0 0  |1 0  |4 0  |6 635_260000000000000_GAR_1990  |7 0  |8 A  |9 230465  |a BIBAGR  |b BIBAGR  |d 2019-11-15  |i 2999331  |o 635.26 GAR 1990  |p 2999331  |r 2025-01-20  |w 2019-11-15  |y BK  |k AGR